000 00709nam a2200241 u 4500
005 20240831063817.0
008 190207s2010 es r 000 0 spa d
020 _a9788466793124
035 _aUPN01000228880
049 _aI
050 4 _aPZ76.3
_bG8.27
100 1 _aGuerrero, Ana
_942788
245 1 3 _aEl dragón frío /
_cAna Guerrero, Andrés Guerrero.
260 _aMadrid :
_bAnaya,
_c2010.
300 _a[16] p. :
_bprincipalmente il. col.
440 0 _aMi primera sopa
650 4 _aCuentos infantiles españoles
_97725
650 2 _aDragones
_vLiteratura infantil
_911808
700 1 _aGuerrero, Andrés,
_ecoaut.
_938165
905 _aInfantil
999 _c200975
_d200975